Carregando...
Purification of fermentation products
| Autor principal: | |
|---|---|
| Formato: | Printed Book |
| Idioma: | Undetermined English |
| Publicado em: |
Washington
American chemical society
1985
|
| Assuntos: |
| LEADER | 00605nam a2200181Ia 4500 | ||
|---|---|---|---|
| 008 | 140306s9999 xx 000 0 und d | ||
| 041 | |a eng | ||
| 082 | |a 660 |b LER/PU | ||
| 100 | |a Le Roith, D | ||
| 245 | |a Purification of fermentation products | ||
| 260 | |a Washington |b American chemical society |c 1985 | ||
| 300 | |a 197 | ||
| 365 | |b U.S.D.53.95 | ||
| 440 | |v Acs symposium series 271 | ||
| 650 | |a chemical technology | ||
| 942 | |2 ddc |c BK | ||
| 999 | |c 105119 |d 105119 | ||
| 952 | |0 0 |1 0 |2 ddc |4 0 |6 660_000000000000000_LERPU |7 0 |9 101833 |a KAUHCV |b KAUHCV |d 2004-03-12 |g 0.00 |o 660 LER/PU |p KAU_HCV-22956 |r 2014-03-22 |w 2014-03-22 |y BK | ||